O Grande Livro dos Provérbios (Registo nº 1319)
[ vista simples ]
| 000 -Etiqueta do registo | |
|---|---|
| Cabeçalho | 00597nam0a2200241 4500 |
| 005 - Identificador da versão | |
| Campo de controlo | 20240813121832.0 |
| 010 ## - Número internacional normalizado dos livros (ISBN) | |
| Número (ISBN) | 9789724620572 |
| 021 ## - Número do Depósito Legal | |
| Código do país | PT |
| Número | 334 086/11 |
| 100 ## - Dados gerais de processamento | |
| Dados gerais de processamento | 20120109d19962011m y0pory5003 ba |
| 102 ## - Pais de publicação ou produção | |
| País de publicação | Portugal |
| 101 0# - Língua de publicação | |
| Língua do texto, banda sonora, etc. | Português |
| 106 ## - Campo de dados codificados: material textual | |
| Dados codificados do material textual | r |
| 105 ## - Campo de dados codificados: livros | |
| Dados codificados dos livros | y z 001yy |
| 215 ## - Descrição física | |
| Indicação específica da natureza do documento e extensão da espécie | 643 p. |
| 200 1# - Titulo e menção de responsabilidade | |
| Título próprio | O Grande Livro dos Provérbios |
| Primeira menção de responsabilidade | José Pedro Machado |
| 205 ## - Menção da edição | |
| Menção da edição | 4ª ed |
| 210 ## - Publicação, Distribuição, etc. | |
| Lugar da edição, distribuição, etc. | Alfragide |
| Nome do editor, distribuidor, etc. | Casa das Letras |
| Data da publicação, distribuição, etc. | 2011 |
| 700 #1 - Nome de autor-pessoa física (responsabilidade principal) | |
| Número de registo de entrada de autoridade | 0001864 |
| Palavra de ordem | Machado |
| Outra parte do nome não tomada para palavra de ordem | José Pedro |
| 966 ## - Identificação da Biblioteca | |
| Sigla | NUMETECA |
| 942 ## - Elementos de entrada adicionados (Koha) | |
| Tipo de item no Koha | Livro |
| Situação do levantamento | Origin of item (home branch) (coded) | Biblioteca de empréstimo | Código de barras | Cota | Circulation type (not for loan) | Tipo de documento | Nota do exemplar | Damaged status |
|---|---|---|---|---|---|---|---|---|
| Biblioteca Escolar Eng. Nuno Mergulhão | Biblioteca Escolar Eng. Nuno Mergulhão | BENM3182 | 2011 | 8 LP-84 MAC | Livro | Sem mensagem |
